000 00814nam a2200229Ia 4500
001 14154
003 GE_BSU
008 181216s||||||||xx |||||||||||||| ||und||
040 _cGE_BSU
080 _a624.2/8(075.8)
100 _aРассийский,В.А. Назаренко,Б.П. Словинский,Н.А.
245 _aПримеры проектирования сборных железобетонных мостов.
245 _bУчебное пособие.
245 _cПод ред. В.А.Рассийского.
250 _aИзд. 2-е.
260 _aМ.
260 _bВысшая школа.
260 _c1970.
300 _a520 стр. с илл.
653 _aПримеры проектирования сборных железобетонных мостов.
942 _cBK
999 _c47294
_d47294